Calcul égal à 1 - Mort subite - Statistiques

Statistiques générales
  • Ce quiz a été pris 380 fois
    379 depuis la dernière actualisation
  • Le résultat moyen est 8 sur 10
Answers on the Grid
Answers color-coded by a green-red scale on the quiz's grid according to % correct below.
1-1
10/10
2 - 1
0/1
1 × 1
2 + 1
1/ 1
1 + 1
3 - 2
√4
5-2
4 ÷ 2
(2-1)/2
3 × 3
4 / 4
-1 + 2
7 ÷ 3
10/2
5 /5
9 / 9
2 - 0.5 - 0.5
 
Statistiques - réponses
Réponse % Correct
1/ 1
88%
3 - 2
87%
2 - 1
86%
4 / 4
86%
1 × 1
85%
5 /5
85%
9 / 9
84%
10/10
83%
-1 + 2
81%
2 - 0.5 - 0.5
77%
Aucun quiz correspondant
Distribution des résultats
% des personnes avec chaque résultat
Percentile par nombre de réponses
Votre historique - résultats
Vous n’avez pas pris ce quiz depuis la dernière actualisation